000 00614nam a2200205 a 4500
001 000011082
005 20240704130351.0
008 091014s2005 xxu 001 p spa d
020 _a0971873763
040 _aDO-SdBNP
_bspa
_cBNPHU
082 _aRD861.44
_bM433m
100 1 _aMatos, Juan,
_d1955-
_975613
245 1 4 _aDel milagro de la espera /
_cJuan Matos.
260 _aClinton, Massachusetts :
_bLuna,
_c2005.
300 _a206 p. ;
_c21 cm.
590 _aInventariado, 2018/LP
650 0 _aPoesía dominicana
_966
650 0 _aLiteratura dominicana.
_967
910 _aValidado. Control de calidad BNPHU.
999 _c10807
_d10807